Paroles: Beau - Joseph Kamel ft. Julien Doré - Statistiques

Statistiques générales
  • Ce quiz a été pris 59 fois
  • Le résultat moyen est 242 sur 311
Statistiques - réponses
Réponse % Correct
beau
100%
c'
100%
est
100%
s'
100%
l'
98%
à
95%
a
95%
comme
95%
j'
93%
J'
93%
le
93%
n'
93%
sa
93%
elle
91%
Elle
91%
la
91%
La
91%
qu'
91%
ai
88%
pas
88%
tu
88%
dans
86%
ma
86%
qui
86%
Si
86%
de
84%
en
84%
me
84%
mon
84%
savais
84%
son
84%
sur
84%
Sur
84%
Ce
81%
ce
81%
et
81%
Il
81%
il
81%
au
77%
belle
77%
des
77%
du
77%
eau
77%
lui
77%
reflet
77%
Je
74%
pour
74%
tout
74%
vu
74%
Assis
72%
trottoir
72%
un
72%
voyais
72%
envie
70%
plus
70%
Ses
70%
ses
70%
soir
70%
y
70%
celui
67%
réveil
67%
coeur
65%
nous
65%
pareil
65%
vie
65%
main
63%
regarde
63%
trop
63%
dit
60%
peut
60%
rien
60%
tard
60%
appel
58%
entre
58%
Entre
58%
laissé
58%
laisse
58%
moi
58%
nuit
58%
soirée
58%
fout
56%
manque
56%
message
56%
pense
56%
reste
56%
suis
56%
avoir
53%
gardera
53%
loin
53%
nouvelles
53%
prenne
53%
rend
53%
sûrement
53%
yeux
53%
bas
51%
Cette
51%
tellement
51%
tenant
51%
genoux
49%
peine
49%
sous
49%
sourire
47%
écoutera
44%
mains
44%
pire
44%
reçoit
44%
rivés
44%
soudain
44%
face
42%
laisserai
42%
lumière
42%
peau
42%
saigne
42%
Assise
40%
écran
40%
souvenir
40%
révèle
37%
sol
37%
bats
35%
promesses
35%
chose
33%
contre
33%
Quelque
33%
voix
30%
sonne
26%
veillera
16%
Aucun quiz correspondant
Distribution des résultats
% des personnes avec chaque résultat
Percentile par nombre de réponses
Votre historique - résultats
Vous n’avez pas pris ce quiz